Hořovice /

Hlavní autor: Burget, Eduard, 1972-2023
Korporativní autor: Hořovice (Česko). Městský úřad
Další autoři: Informační centrum Hořovice
Jazyk: Čeština
Vydáno: Hořovice : Baron, 2006
Témata:
Fyzický popis: 22 s. : il. (převážně barev.), mapa, portrét, faksim. ; 23 cm
Knihy
Uloženo v:
LEADER 01519nam a2200409 a 4500
001 nkc20071705787
003 CZ PrNK
005 20070330145128.0
007 ta
008 070209s2006 xr abche 000 0 cze
015 |a cnb001705787 
020 |a 80-239-9135-3  |q (v knize neuvedeno ;  |q brož.) 
035 |a (OCoLC)124087889 
040 |a ABA001  |b cze 
043 |a e-xr---  |b e-xr-st  |2 czenas 
072 7 |a 913(437)  |x Geografie Česka a Slovenska, reálie, cestování  |2 Konspekt  |9 7 
080 |a 908(437.312)  |2 MRF 
080 |a (036)  |2 MRF 
100 1 |a Burget, Eduard,  |d 1972-2023  |7 js20011212182  |4 aut 
245 1 0 |a Hořovice /  |c [text Informační centrum Hořovice, E. Burget] 
260 |a Hořovice :  |b Baron,  |c 2006 
300 |a 22 s. :  |b il. (převážně barev.), mapa, portrét, faksim. ;  |c 23 cm 
500 |a Název z obálky 
500 |a 1000 výt. 
504 |a Obsahuje bibliografii 
550 |a Vydavatel: Městský úřad Hořovice 
651 7 |a Hořovice (Česko)  |7 ge129329  |x vlastivěda  |2 czenas 
651 9 |a Hořovice (Czechia)  |x history and geography  |2 eczenas 
655 7 |a informační publikace  |7 fd132454  |2 czenas 
655 9 |a information publications  |2 eczenas 
710 1 |a Hořovice (Česko).  |b Městský úřad  |7 ko2003163503 
710 2 |a Informační centrum Hořovice  |7 kn20070213005 
910 2 |a BOA001  |b 2-1179.707 
990 |a BK 
995 |a 01 
991 |b 200702  |c NOV 
996 6 |b 2610301443  |c 2-1179.707  |l MZK  |r Sklad / do 1 hodiny  |n 0  |p p.v.  |w 000838516  |u 000010  |a 1  |e BOA001  |j MZK50  |s P